Temas de Seguridad Internacional / (Registro nro. 4326)
[ vista simple ]
| 000 -CABECERA | |
|---|---|
| campo de control de longitud fija | 00906nam a22002177a 4500 |
| 003 - IDENTIFICADOR DEL NÚMERO DE CONTROL | |
| campo de control | DO-SdBJH |
| 005 - FECHA Y HORA DE LA ÚLTIMA TRANSACCIÓN | |
| campo de control | 20180717152226.0 |
| 008 - DATOS DE LONGITUD FIJA--INFORMACIÓN GENERAL | |
| campo de control de longitud fija | 180717b ||||| |||| 00| 0 spa d |
| 020 ## - NÚMERO INTERNACIONAL ESTÁNDAR DEL LIBRO | |
| Número Internacional Estándar del Libro | 9789872278915 |
| 040 ## - FUENTE DE LA CATALOGACIÓN | |
| Centro catalogador/agencia de origen | DO-SdBJH |
| Lengua de catalogación | spa |
| Centro/agencia transcriptor | DO-SdBJH |
| 082 ## - NÚMERO DE LA CLASIFICACIÓN DECIMAL DEWEY | |
| Número de clasificación | 327.1 G934s 2006 |
| 100 ## - ENTRADA PRINCIPAL--NOMBRE DE PERSONA | |
| Autor Personal | Anzit Guerrero, Ramiro |
| Rol del Autor | autor |
| 245 ## - MENCIÓN DE TÍTULO | |
| Título | Temas de Seguridad Internacional / |
| Mención de responsabilidad, etc. | Ramiro Anzit Guerrero |
| 260 ## - PUBLICACIÓN, DISTRIBUCIÓN, ETC. | |
| Lugar de publicación, distribución, etc. | Buenos Aires : |
| Nombre del editor, distribuidor, etc. | Seguridad y Defensa, |
| Fecha de publicación, distribución, etc. | 2006 |
| 300 ## - DESCRIPCIÓN FÍSICA | |
| Extensión | 160 páginas. |
| 490 ## - MENCIÓN DE SERIE | |
| Mención de serie | Colección Seguridad y Defensa. |
| 505 ## - NOTA DE CONTENIDO CON FORMATO | |
| Nota de contenido con formato | <br/>En el contexto post atentados 11/9 a los EE. UU, la seguridad internacional se ha convertido en un concepto que no se limita al campo tradicional del estudio de las áreas relacionadas a la prevención y proteccion de las comunidades y los Estados - Nación. |
| 650 ## - PUNTO DE ACCESO ADICIONAL DE MATERIA--TÉRMINO DE MATERIA | |
| Término de materia o nombre geográfico como elemento de entrada | Seguridad Internacional -- Argentina |
| 650 ## - PUNTO DE ACCESO ADICIONAL DE MATERIA--TÉRMINO DE MATERIA | |
| Término de materia o nombre geográfico como elemento de entrada | Terrorismo |
| 942 ## - ELEMENTOS DE PUNTO DE ACCESO ADICIONAL (KOHA) | |
| Fuente del sistema de clasificación o colocación | Dewey Decimal Classification |
| Tipo de ítem Koha | Libros |
| Catalogador | Elizabeth Figueroa |
| Estado de retiro | Estado de pérdida | Fuente del sistema de clasificación o colocación | Estado dañado | No para préstamo | Código de colección | Localización permanente | Ubicación/localización actual | Ubicación en estantería | Fecha de adquisición | Número de inventario | Total de préstamos | Signatura topográfica completa | Código de barras | Fecha visto por última vez | Número de copia | Precio válido a partir de | Tipo de ítem Koha |
|---|---|---|---|---|---|---|---|---|---|---|---|---|---|---|---|---|---|
| Dewey Decimal Classification | Colección General | SIBM UNADE - Biblioteca Sede Central | SIBM UNADE - Biblioteca Sede Central | En estantería | 07/17/2018 | 18-01722 | 327.1 G934s 2006 | 18-01723 | 10/06/2018 | e.1 | 07/17/2018 | Libros | |||||
| Dewey Decimal Classification | Colección General | SIBM UNADE - Biblioteca Sede Central | SIBM UNADE - Biblioteca Sede Central | En estantería | 07/17/2018 | 18-01724 | 327.1 G934s 2006 | 18-01724 | 10/06/2018 | e.2 | 07/17/2018 | Libros | |||||
| Dewey Decimal Classification | Colección General | SIBM UNADE - Biblioteca Sede Central | SIBM UNADE - Biblioteca Sede Central | En estantería | 07/17/2018 | 18-01725 | 327.1 G934s 2006 | 18-01725 | 10/06/2018 | e.3 | 07/17/2018 | Libros | |||||
| Dewey Decimal Classification | Colección General | SIBM UNADE - Biblioteca Sede Central | SIBM UNADE - Biblioteca Sede Central | En estantería | 07/17/2018 | 18-01726 | 327.1 G934s 2006 | 18-01726 | 10/06/2018 | e.4 | 07/17/2018 | Libros | |||||
| Dewey Decimal Classification | Colección General | SIBM UNADE - Biblioteca Sede Central | SIBM UNADE - Biblioteca Sede Central | En estantería | 07/17/2018 | 18-01727 | 327.1 G934s 2006 | 18-01727 | 10/06/2018 | e.5 | 07/17/2018 | Libros | |||||
| Dewey Decimal Classification | Colección General | SIBM UNADE - Biblioteca Escuela de Graduados de Estudios Militares, ERD | SIBM UNADE - Biblioteca Escuela de Graduados de Estudios Militares, ERD | En estantería | 08/09/2022 | 22-EERD-01798 | 327.1 G934s 2006 | 22-EERD-01798 | 08/09/2022 | E.j1 | 08/09/2022 | Libros | |||||
| Dewey Decimal Classification | Colección General | SIBM UNADE - Biblioteca Escuela de Graduados de Comando y Estado Mayor Aéreo, FARD | SIBM UNADE - Biblioteca Escuela de Graduados de Comando y Estado Mayor Aéreo, FARD | En estantería | 02/08/2021 | 21-efard 00300 | RD 327.1 G943d | 21-efard 00300 | 02/08/2021 | 1 | 02/08/2021 | Libros |
